Deutsche Bundesländer + Hauptstädte - Statistiken

Allgemein
  • Dieses Quiz wurde 294 mal gespielt
    246 seit der letzten Aktualisierung
  • Das Durchschnittsergebnis liegt bei 29 aus 32
Antwortstatistiken
Antwort % Korrekt
Bayern
97%
München
96%
Saarland
96%
Berlin
95%
Berlin
95%
Bremen
95%
Bremen
95%
Hamburg
95%
Hamburg
95%
Sachsen
95%
Baden-Württemberg
93%
Saarbrücken
92%
Sachsen-Anhalt
92%
Brandenburg
91%
Hessen
91%
Thüringen
91%
Nordrhein-Westfalen
90%
Rheinland-pfalz
89%
Mecklenburg-Vorpommern
88%
Niedersachsen
88%
Schleswig-Holstein
88%
Stuttgart
88%
Hannover
85%
Kiel
85%
Potsdam
84%
Dresden
83%
Wiesbaden
83%
Düsseldorf
82%
Schwerin
82%
Erfurt
81%
Mainz
81%
Magdeburg
71%
Keine übereinstimmenden Quizze gefunden
Verteilung der Resultate
Anzahl Personen mit jedem Resultat
Perzentil nach korrekt beantworteten Fragen
Ihre Resultats-Entwicklung
Sie haben dieses Quiz seit der letzten Aktualisierung nicht gespielt